000 00509nam a2200181Ia 4500
005 20260415160350.0
008 008 250505s9999 xx 000 0 eng d
037 _aTextual
040 _aFEDL
_beng
_cFEDL
041 _aeng
_2eng
084 _a378 LIV
_qFEDL
100 _aLivingstone Richard
245 0 _aSome thoughts on University education
260 _aLondon, UK
_bNational Book League
_c1948
300 _a28p
942 _cTEXL
_h378 LIV
999 _c1322147
_d1322147